Películas de terror paranormal - Estadísticas

Estadísticas generales
  • Esta prueba ha sido intentada 90 veces
  • La puntuación promedio es 10 de 19
Estadísticas de respuestas
Imagen Respuesta % Correcto
El exorcista
89%
La monja
87%
Expediente Warren
77%
insidious
72%
Sexto sentido
68%
Paranormal activity
63%
Los otros
60%
El orfanato
55%
Hereditary
53%
Verónica
49%
Annabelle 2
47%
Smile
47%
Sinister
39%
Evil dead
36%
Así en la Tierra como en el Infierno
35%
It follows
25%
Ring
24%
Ouija: El origen del mal
23%
El exorcismo de Emily Rose
17%
No se encontraron pruebas coincidentes
Distribución de puntuación
Porcentaje de gente con cada puntuación
Porcentaje por número respondido
Historial de tus puntuaciones
No has intentado esta prueba.